| 000 | 04556nam a2200493 a 4500 | ||
|---|---|---|---|
| 003 | CHAP | ||
| 005 | 20241017094039.0 | ||
| 007 | cr ||||||a|c|a | ||
| 008 | 101214s2010 mx r 00010 spa d | ||
| 035 | _a111809 | ||
| 040 | _cCHAP | ||
| 090 | _aTesis | ||
| 100 | 1 |
_aArellano Espejel, Yolanda _96903 |
|
| 245 | 1 | 0 |
_aComparación de la calidad de trigo harinero (Triticum aestivum L.) y cristalino (Triticum durum Desf.) producido comercialmente bajo condiciones de riego y temporal en México _c/por Yolanda Arellano Espejel; director de tesis Patricia Pérez Herrera. |
| 264 | 1 |
_aChapingo, Méx. : _bEl autor, _c2010. |
|
| 300 |
_a1 recurso en línea (100 páginas): _bfiguras, cuadros. |
||
| 336 |
_2rdacontent _atexto _btxt |
||
| 337 |
_2rdamedia _acomputadora _bc |
||
| 338 |
_2rdacarrier _arecursos en línea _bcr |
||
| 502 |
_bIA _cAgroindustrias _d2010. _gLIC |
||
| 520 | _aLa calidad del trigo depende de diferentes criterios, en función del uso final del mismo, es por ello que esta investigación se enfocó a la determinación de la calidad en grano, harina y sémola para el trigo harinero y cristalino producido en las diferentes zonas productoras del país, bajo sistemas de riego y temporal en los ciclos de producción Otoño-invierno 2005-2006/2006-2007 y primavera-verano 2006. Se realizó un muestreo representativo de los principales estados productores de trigo en México bajo la metodología recomendada por el Servicio de Información Alimentaria y Pesquera (SIAP). Se analizaron las características físico-químicas del grano de trigo harinero y cristalino (peso hectolítrico, humedad, dureza, contenido de proteína y, vitreosidad y contenido de cenizas en trigo cristalino), harina integral (Número de caída o Falling Number), harina refinada de trigos harineros (prueba alveográfica y farinográfica) y sémola de trigos cristalinos („b‟, en el sistema cromamétrico L.a.b.). En el ciclo Otoño-invierno, en la zona Noroeste se cultivó preferentemente trigo harinero de gluten Fuerte y Medio-Fuerte; destacando las variedades Avelino F2004, Tacupeto F2001 y Cachanilla F2000; dentro de las que se encuentran variedades de más reciente liberación con calidad homogénea. En cambio, en el Bajío el trigo predominantemente fue de gluten Débil; destacando las variedades Cortazar S94 y Salamanca S75, que presentaron los mejores parámetros de calidad. Esta información corrobora la importancia de la producción de trigos de gluten Débil en el Bajío bajo condiciones de riego, pues son empleados como mejoradores de trigos de gluten Fuerte y Tenaz. En el ciclo Primavera-verano, la producción de trigo en el Bajío y los Valles Altos de la Altiplanicie Mexicana fue mayoritariamente de trigo de gluten Medio-Fuerte; las variedades Salamanca S75 y Pavón F76 y Temporalera M87, a pesar de liberadas hace más de 20 años, continúan utilizándose probablemente como resultado de su alta productividad, cuestiones de uso y costumbres de la región, así como por conservar su calidad bajo estas condiciones de producción. El trigo cristalino presentó uniformidad en la calidad de la cosecha y las variedades que presentaron mejores características para el Noroeste fueron Aconchi C89, Atil C2000, Orita, Primavera C2007, Rafi C97 y Rio Colorado C2003; y en el Bajío, la variedad Aconchi C89. Estos resultados indican que algunas variedades de más reciente liberación presentan una calidad potencial igual a las de variedades más antiguas, condición que puede ser aprovechada para incrementar su producción en estas zonas. | ||
| 590 |
_aALEPH _b10 _c20130110 |
||
| 590 |
_aBATCH-UPD _b10 _c20130110 |
||
| 590 |
_aBATCH-UPD _b10 _c20130410 |
||
| 590 |
_aBATCH-UPD _b10 _c20130914 |
||
| 590 |
_aBATCH-UPD _b10 _c20140324 |
||
| 590 |
_aBATCH-UPD _b10 _c20141002 |
||
| 590 |
_aBATCH _b00 _c20181121 |
||
| 590 |
_aCONVERSION _b10 _c20130109 |
||
| 650 | 0 | 4 |
_aHarina. _952679 |
| 650 | 0 | 4 |
_aTrigo _xCalidad. _9114989 |
| 650 | 0 | 4 |
_aTrigo _xIrrigación. _9115050 |
| 650 | 0 | 4 |
_aTrigo _xProducción. _9115082 |
| 650 | 0 | 4 |
_aTrigo _xRecolección. _9115090 |
| 650 | 0 | 4 |
_aTrigo _xSubproductos. _9115105 |
| 700 | 1 |
_aPérez Herrera, Patricia _9149075 _eDirector de tesis. |
|
| 856 |
_uhttp://10.13.5.2/tesis/111809.pdf _zDESCARGAR PDF |
||
| 901 | _aBK | ||
| 942 |
_cTD _2Clasificación Universidad Autónoma Chapingo |
||
| 949 |
_bBC _cTES _d33724002227538 _eTS2 _fc.2 _gDonaciØn _h51708 _i111809 _sb |
||
| 949 |
_bBC _cTES _d33724002227579 _eTS1 _gDonaciØn _h51707 _i111809 _sb |
||
| 999 |
_c100151 _d100151 |
||